Statistics for Weird Pokedex Entries 2

Click here to take the quiz!

General Stats

  • This quiz has been taken 85 times
    (83 since last reset)
  • The average score is 10 of 15

Answer Stats

HintAnswer% Correct
These key collectors threaten any attackers by fiercely jingling their keys at them.Klefki
91%
Each of them carries a mask that used to be it's face when it was a human. Sometimes they look at it and cry.Yamask
91%
Using their very hot, flame-covered tongues, they burn through Durant's steel bodies and consume their insides.Heatmor
89%
According to old tales, these Pokemon are stumps possessed by the spirits of children who died while lost in the forest.Phantump
89%
Its spacious beak is large enough for a small child to fit inside.Pelipper
81%
It delivers headbutts with the water bubble on its head. Small Pokemon get sucked into the bubble, where they drown.Araquanid
75%
Dreaming of one day flying, it practices by leaping off cliffs every day.Bagon
72%
When its life comes to an end, it absorbs the life energy of every living thing and turns into a cocoon once more.Yveltal
71%
If the fire burning within its shell goes out, it will die. Those who wish to raise one in their home must always keep something flammable at hand.Torkoal
65%
When in danger, it raises its ears and releases enough psychic power to grind a 10-ton truck into dust.Meowstic
63%
It sprays a vile-smelling fluid from the tip of its tail to attack. Its range is over 160 feet.Skuntank
53%
It has an extremely aggressive nature. The hyper beam it shoots from its mouth totally incinerates all targets.Gyarados
49%
It wraps it prey in its hairlike arms. It sings joyfully as it observes the suffering of the prey.Gourgeist
36%
It can easily hear a pin being dropped nearly 1,100 yards away.Clefable
20%
As it zooms through the sky, this Pokemon seems to be receiving signals of unknown origin, while transmitting signals of unknown purpose.Magnezone
20%

Score Distribution

Percentile by Number Answered

Percent of People with Each Score

Your Score History

You have not taken this quiz since the last reset